00617nam a2200193 a 4500001001000000003000400010005001700014007000300031008004100034040002500075082001500100100003200115245005700147260005600204300002000260942001300280952011300293999001700406000033554OSt20210209131457.0ta110831s1888 dr 000 0 spa d aDO-SdBNPbspacBNPHU axxxbP387u1 aPellerano, Arturo B.95905510aLa última cruzada :bpoema /cArturo B. Pellerano. aSanto Domingo :bImprenta Cuna de América,c1888. a24 p. ;c23 cm. 2ddccLF2 001050718RVaPDbPDcCTd2011-08-31iLF1l0oxxx P387up33554-10r2020-06-25w2020-06-25y1ZNo se presta c33045d33045